Turkish Cities Quiz (Multiple Choice) - Statistics

General Stats
  • This quiz has been taken 102 times
  • The average score is 10 of 15
Answer Stats
Question Answer % Correct
It is famous for its seven hills and bridges. İstanbul
84%
This city is famous for its football team whose colors are maroon and blue. Trabzon
81%
The mausoleum of the country's founder, Mustafa Kemal Atatürk, is here: Ankara
78%
It borders Bulgaria and Greece. Edirne
73%
This city gave its name to the largest lake in the country. Van
73%
The largest island in Türkiye is here Çanakkale
68%
Ancient cities such as Ephesus and Pergamon are located here. İzmir
68%
It is the largest city in the country in terms of area. Konya
68%
The country's fourth largest city, famous for its car industry Bursa
62%
The city famous for tea production Rize
62%
The city famous for its apricots Malatya
59%
Famous coastal towns such as Bodrum, Fethiye and Marmaris are here. Muğla
59%
Every year millions of tourists come to see Cappadocia, the name of this city... Nevşehir
59%
Which is the most populous city in the Mediterranean region? Antalya
57%
The country's southernmost city is home to some important Christian buildings Hatay
57%
No matching quizzes found
Score Distribution
Percent of People with Each Score
Percentile by Number Answered
Your Score History
You have not taken this quiz